Normal view
MARC view
- DATA BOOK-MOS MEMORY
Entry Topical Term
001 - CONTROL NUMBER
- control field: 66080
003 - CONTROL NUMBER IDENTIFIER
- control field: NUST
005 - DATE AND TIME OF LATEST TRANSACTION
- control field: 20210628203531.0
008 - FIXED-LENGTH DATA ELEMENTS
- fixed length control field: 210628|| aca||aabn | a|a d
040 ## - CATALOGING SOURCE
- Original cataloging agency: NUST
- Transcribing agency: NUST
150 ## - HEADING--TOPICAL TERM
- Topical term or geographic name entry element: DATA BOOK-MOS MEMORY
670 ## - SOURCE DATA FOUND
- Source citation: Work cat.: (NUST): Texas Instrumentation 66079, Mos memory data book , commercial and military specification, 1991
